Sestry /
Martin Servaz, začínajúci kriminalista, sa púšťa do vyšetrovania dvojnásobnej vraždy. V lese našli telá dvoch sestier oblečené do šiat na prvé prijímanie. Scéna ako vystrihnutá z trileru Erika Langa, autora drsných krimi románov. O dvadsaťpäť rokov neskôr otrasie verejnosťou podobný prípad záhadnej...
Uloženo v:
| Série: | Martin Servaz (SK),
část 5 |
|---|---|
| Hlavní autor: | |
| Médium: | E-kniha |
| Jazyk: | Czech |
| Vydáno: |
Praha :
Albatros Media Slovakia s.r.o.,
2019
|
| Příbuzné jednotky: | Z cyklu::
Martin Servaz (SK) |
| Tagy: |
Žádné tagy |
| LEADER | 01393nam a22002417i 4500 | ||
|---|---|---|---|
| 001 | 311014 | ||
| 007 | ta | ||
| 008 | 260601s2019 xr ||||| |||| 00| 0 cze d | ||
| 020 | |a 9788056609170 | ||
| 044 | |a xr | ||
| 100 | 1 | |a Minier, Bernard |4 aut | |
| 245 | 1 | 0 | |a Sestry / |c Minier, Bernard |
| 240 | 1 | 0 | |a Soeurs |
| 264 | 1 | |a Praha : |b Albatros Media Slovakia s.r.o., |c 2019 | |
| 300 | |a 1 online zdroj (424 stran) | ||
| 336 | |a text |b txt |2 rdacontent | ||
| 337 | |a bez média |b n |2 rdamedia | ||
| 338 | |a online zdroj |b cr |2 rdacarrier | ||
| 520 | 2 | |a Martin Servaz, začínajúci kriminalista, sa púšťa do vyšetrovania dvojnásobnej vraždy. V lese našli telá dvoch sestier oblečené do šiat na prvé prijímanie. Scéna ako vystrihnutá z trileru Erika Langa, autora drsných krimi románov. O dvadsaťpäť rokov neskôr otrasie verejnosťou podobný prípad záhadnej vraždy ženy v bielom... | |
| 787 | 0 | 8 | |g 5 |i Z cyklu: |t Martin Servaz (SK) |
| 910 | |a RBIT002 | ||
| 998 | |d 183930 |a https://core.palmknihy.cz/api/books/183930/cover?si64ke |b https://core.palmknihy.cz/api/books/183930/cover/400?si64ke |c https://core.palmknihy.cz/api/books/183930/cover/50?si64ke |e 2027-12-31 |g 424 |i 9788056609170 |j https://core.palmknihy.cz/api/books/183930/preview.epub |k https://core.palmknihy.cz/api/books/183930/preview.pdf |l |q 49 |r 1 |s https://www.palmknihy.cz/kniha/183930 |t ebook |y 2019 |z 1 |v Martin Servaz (SK) |w 5 | ||
| 999 | |d 311012 | ||